Portrait de famille, une histoire des Atrides (Record no. 14065)

MARC details
010 ## - Numéro international normalisé du livre (ISBN)
ISBN 9782846817752
Disponibilité et/ou prix 17 EUR
099 ## - Visibilité opac
notice masquée en opac Non
100 ## - Données générales de traitement
Données générales de traitement 20250402d2025 m y0frey50 ba
101 0# - Langue de la ressource
Langue du texte, de la bande son, etc. français
102 ## - Pays de publication ou de production
Pays de publication France
200 1# - Titre et mention de responsabilité
Titre propre Portrait de famille, une histoire des Atrides
Indication générale du type de document
214 #0 - Mentions de production, publication, diffusion et manufacture
Nom de l’éditeur les Solitaires intempestifs
Date de publication DL 2025
214 #3 - Mentions de production, publication, diffusion et manufacture
Nom de l’éditeur Impr. Présence graphique
215 ## - Description physique
Nombre de pages 1 vol. (188 p.)
323 ## - Nombre de personnages
Texte de la note 20 personnages et plus
330 ## - Résumé ou extrait
Texte de la note Cette famille dont il est brossé le portrait, c est celle des Atrides. Son histoire se déploie le temps d un voyage haletant à travers toute la guerre de Troie, jusqu au retour à Argos. Formidable machine à jeu, le destin des Atrides présente une matière hors norme : figures démesurées, liste délirante de crimes, souffle épique et accents tragi-comiques est le défi relevé par Jean-François Sivadier. Marqués par un principe de prédation « tuer ou être tué » ses protagonistes s échappent des textes classiques pour incarner et faire résonner aujourd hui les paroles de cette famille mythique et maudite.
610 ## - Mot-clé
Mot-clé mythologie
700 ## - Auteur principal
Nom Sivadier
Prénom Jean-François
Dates 1963-....
105 ## - Zone de données codées : textes, monographies
Données codées sur les monographies textuelles ||||z 00|a|
181 #0 - Zone de données codées : Forme de la ressource
Données de liaison entre champs 01
Forme du contenu selon l’ISBD sous forme codée i
Qualificatif(s) du contenu selon l’ISBD sous forme codée xxxe
181 ## - Zone de données codées : Forme de la ressource
Données de liaison entre champs 02
Autre référentiel utilisé pour coder la forme du contenu texte
Code du référentiel rdacontent
182 #0 - Zone de données codées : type de média
Données de liaison entre champs 01
Type de médiation selon l’ISBD sous forme codée sans média
182 ## - Zone de données codées : type de média
Données de liaison entre champs 02
Autre référentiel utilisé pour coder le type de médiation sans média
Code du référentiel rdamedia
214 #0 - Mentions de production, publication, diffusion et manufacture
Lieu de publication, production, distribution/diffusion, fabrication Besançon
214 #3 - Mentions de production, publication, diffusion et manufacture
Lieu de publication, production, distribution/diffusion, fabrication 37-Monts
215 ## - Description physique
Dimensions 20 cm
305 ## - Note sur l'édition et l'histoire bibliographique
Texte de la note Création : Paris (fr) : Conservatoire national supérieur d'art dramatique, 20231216
620 2# - accès par le lieu et la date
Ville, etc. Paris
Pays fr
Lieu précis, salle, etc Conservatoire national supérieur d'art dramatique
Date 20231216
686 ## - Autres numéros de classification
Indice 802
Code du format utilisé Cadre de classement de la Bibliographie nationale française
700 ## - Auteur principal
Identifiant de la notice d'autorité 14655425
Identifiant international normalisé pour les noms ISNI0000000398571794
Code de fonction Auteur
801 #0 - Origine de la notice
Pays FR
Agence de catalogage FR-751131015
Date de la transaction 20250402
Règles de catalogage utilisées AFNOR
Identifiant d'origine FRBNF476970420000008
Code du format utilisé intermrc
856 #2 - Adresse électronique et mode d’accès
Uniform Resource Identifier 1021493
Numéro d'accès Première de couverture
856 #2 - Adresse électronique et mode d’accès
Uniform Resource Identifier 1021494
Numéro d'accès Quatrième de couverture
000 -Etiquette de la notice
Leader 02062cam a2200433 4500
003 - Identifiant de la notice
Identifiant http://catalogue.bnf.fr/ark:/12148/cb47697042z
005 - Identifiant de la version
Identifiant 20260401185249.0
020 ## - Numéro de l'agence bibliographique nationale
Code de pays France
Indice 02524847
073 #0 - EAN
Numéro normalisé 9782846817752
Holdings
Exclu du prêt Date de création Site actuel Code barre Date prix de remplacement Cote Statut Site de rattachement Type de document Koha
  01.04.2026 Théâtre Joliette JOL-007763 01.04.2026 TH SUV 20+   Théâtre Joliette Livre